El Cordobazo /

Guardado en:
Autor Principal: Sein, Santiago
Autores Corporativos: Universidad Nacional de Córdoba., Canal Encuentro.
Formato: Deslizar
Publicado: Argentina, 2008.
Series:Crónicas de Archivo - Capítulo 2
Materias:
Etiquetas: Agregar Etiqueta
Sin Etiquetas, Sea el primero en etiquetar este registro!
LEADER 01238ngm a22003495g 4500
001 CEM.cems023086
008 130507s2008##################0###0#####d
005 20241210160725.0
245 1 0 |a El Cordobazo /  |c Santiago Sein. 
260 |a Argentina,  |c 2008. 
300 |a 29'. 
490 0 |a Crónicas de Archivo - Capítulo 2 
500 |a Consultar en ventanilla. 
505 0 |a Antecedentes del movimiento obrero cordobés. El proceso industrial en Córdoba en los años 50'. Onganía. La persecución a los estudiantes y los obreros cordobeses. Los hechos del 29 de mayo del 69'. Consecuencias. 
538 |a Soporte: DVD - Color: Si - Grabación DRD 
590 |a Identificación SIABUC: DVD Nº 59 
100 1 |a Sein, Santiago 
710 2 |a Universidad Nacional de Córdoba. 
710 2 |a Canal Encuentro. 
082 9 8 |/ SEI-1 
082 9 8 |/ ONG 
653 |a HISTORIA 
653 |a HISTORIA ARGENTINA 
653 |a HISTORIA ARGENTINA COMTEMPORANEA 
653 |a CORDOBAZO 
653 |a ONGANIA 
653 |a TOSCO, AGUSTIN 
653 |a CRONICAS DE ARCHIVO 
653 |a NIVEL PRIMARIO 
653 |a NIVEL SECUNDARIO 
653 |a DOCUMENTAL 
859 |a CEMS  |b BIB. CEMS - Depto. Recursos Didacticos  |h 982  |i SEI-1  |k DRD  |p 1729.12  |t Ej.1